Catálogo general ilustrado de instrumentos para ciencias de la casa fundada en 1859 por Ildefonso Sierra y Alonso. (Record no. 43788)
[ view plain ]
| 000 -LEADER | |
|---|---|
| campo de control de longitud fija | 00373nam a2200121 i 4500 |
| 001 - NÚMERO DE CONTROL | |
| campo de control | 43788 |
| 003 - IDENTIFICADOR DE NÚMERO DE CONTROL | |
| campo de control | ES-MaACL |
| 007 - CAMPO FIJO DE DESCRIPCIÓN FÍSICA--INFORMACIÓN GENERAL | |
| campo de control de longitud fija | t| |
| 008 - DATOS DE LONGITUD FIJA--INFORMACIÓN GENERAL | |
| campo de control de longitud fija | 030318s1887 sp ||||1| spa d |
| 245 00 - MENCIÓN DEL TÍTULO | |
| Título | Catálogo general ilustrado de instrumentos para ciencias de la casa fundada en 1859 por Ildefonso Sierra y Alonso. |
| 260 ## - PUBLICACIÓN, DISTRIBUCIÓN, ETC. | |
| Lugar de publicación, distribución, etc. | Madrid : |
| Nombre del editor, distribuidor, etc. | [s.n.], |
| Fecha de publicación, distribución, etc. | 1887. |
| 852 ## - LOCALIZACIÓN | |
| Ubicación | ES-MaACL |
| Número de control de estantería | T-459-F-3 |
| Estatus retirado | Estado de pérdida | Estado de daño | No para préstamo | Colección | Biblioteca de origen | Biblioteca actual | Ubicación en estantería | Fecha de adquisición | Fuente de adquisición | Total de préstamos | Signatura topográfica completa | Código de barras | Visto por última vez | Precio de reemplazo | Tipo de ítem Koha |
|---|---|---|---|---|---|---|---|---|---|---|---|---|---|---|---|
| Colección de folletos | Biblioteca del Ateneo de Madrid | Biblioteca del Ateneo de Madrid | Depósito folletos | 17/01/2008 | T-459-F-3 | 1046092 | 23/02/2023 | 23/02/2023 | Folleto |
